000 00253nam a22001097a 4500
999 _c158285
_d158285
082 _a
_b
100 _aLeelavathi M
245 _aAsuravithu:
_boru padanam/
_cby Leelavathi M.
260 _aThiruvanathapuram:
_bLipi,
_c1951.
650 _a
942 _cBK